00360nam a2200121Ia 4500008004100000020001500041050001200056245004200068260006200110300002400172504002300196999001900219150223s9999 xx 000 0 und d a9710867482 aBX 2350 aTrue life in God :bdivine dialogue / aSwitzerland :bThe Foundation for True Life in God,c2006 a537 pages :c23 cm. aIncludes appendix. c283259d283259